000 00328 a2200109 4500
001 ART_43251
005 20260410161738.0
008 260409a
245 1 0 _aPortafolio de negocios, modelo para armar
100 1 _aLevy, Alberto R.
773 0 _tEjecutivos de finanzas
_g- Año 7, Nº 58 (ago. 1989)
_wREV2863
999 _c18451
_d18451